ბათუმის შოთა რუსთაველის სახელმწიფო უნივერსიტეტის ბიბლიოთეკა

Говорите по - русски / (ბიბ.ჩანაწერი № 35257)

000 -LEADER
fixed length control field 00669nam a2200229Ia 4500
001 - CONTROL NUMBER
control field 1106
003 - CONTROL NUMBER IDENTIFIER
control field GE_BSU
005 - DATE AND TIME OF LATEST TRANSACTION
control field 20210929134746.0
008 - FIXED-LENGTH DATA ELEMENTS--GENERAL INFORMATION
fixed length control field 181216s2007||||ru |||||||||||||| ||rus||
020 ## - INTERNATIONAL STANDARD BOOK NUMBER
International Standard Book Number 9785957603214
040 ## - CATALOGING SOURCE
Transcribing agency GE_BSU
041 ## - LANGUAGE CODE
Language code of text/sound track or separate title rus
080 ## - UNIVERSAL DECIMAL CLASSIFICATION NUMBER
Universal Decimal Classification number 811.161.1(075.8) Х-12
100 ## - MAIN ENTRY--PERSONAL NAME
Personal name Хавронина, С.А.
9 (RLIN) 12574
245 ## - TITLE STATEMENT
Title Говорите по - русски /
Statement of responsibility, etc. С.А. Хавронина.
250 ## - EDITION STATEMENT
Edition statement 15-е изд-е
264 ## - PRODUCTION, PUBLICATION, DISTRIBUTION, MANUFACTURE, AND COPYRIGHT NOTICE
Place of production, publication, distribution, manufacture Москва :
Name of producer, publisher, distributor, manufacturer Русский Язык-Медиа,
Date of production, publication, distribution, manufacture, or copyright notice 2007.
300 ## - PHYSICAL DESCRIPTION
Extent 316 стр.
653 ## - INDEX TERM--UNCONTROLLED
keyword Говорите по -русски
653 ## - INDEX TERM--UNCONTROLLED
keyword Русский язык
942 ## - ADDED ENTRY ELEMENTS (KOHA)
Koha item type წიგნი
Source of classification or shelving scheme
ეგზემპლარები
Withdrawn status Lost status Source of classification or shelving scheme Damaged status Not for loan Permanent Location Current Location Shelving location Date acquired Cost, normal purchase price Full call number Barcode Date last seen Copy number Price effective from Koha item type Public note
          ბათუმის შოთა რუსთაველის სახელმწიფო უნივერსიტეტის მთავარი ბიბლიოთეკა ბათუმის შოთა რუსთაველის სახელმწიფო უნივერსიტეტის მთავარი ბიბლიოთეკა წიგნსაცავი 2018-12-17 10.00 811.161.1(075.8) Х-12 1669 2018-12-17 1669 2018-12-17 წიგნი 10 ლ.